00584nam a22002057a 450000500170000000800410001702000150005804000070007304100120008008200200009210000260011224500490013826000470018730000320023465000100026665000280027665000250030470000280032970000210035720230714161838.0230714b ||||| |||| 00| 0 eng d a9694690285 cAL aEnglish 223a297.2bIQBR aAllama Muhammad Iqbal aReconstruction of Religious Thought in Islam aLahorebInstitute of Islamic Culturec2009 axxiii,249 p.bHBc22x14 cm. aIslam aPhilosophy and religion aIslam and philosophy aIQBAL (Allama Muhammad) aSHEIKH (Saeed M)